Quiz Wiedzy o Ekstraklasie #2 - Statystyki

Ogólne statystyki
  • Ten quiz został rozwiązany 359 razy
    306 od ostatniego zresetowania
  • Średni wynik to 4 z 10
Statystyki odpowiedzi
Hint Odpowiedź % Poprawnych
Ile razy Śląsk Wrocław zdobył mistrzostwo Polski? 2
99%
Ile lat spędził w Ekstraklasie Marek Saganowski? 20
78%
Jaki klub ma najwięcej zdobytych mistrzostw Polski? (wymień przynajmniej jednego) Górnik Zabrze, Wisła Kraków
72%
W którym roku została założona Ekstraklasa? 1926
38%
W którym roku przekształcono ligę na zawodową? 2005
24%
Kto był najlepszym asystentem Ekstraklasy w sezonie 2017/2018 Rafał Kurzawa
22%
Ile meczy rozegrał w Ekstraklasie Łukasz Surma? (podaj w dziesiątkach) 559
19%
Ilu zawodników należy do klubu 300 Ekstraklasy? 87
6%
Kto jest aktualnym sponsorem strategicznym Ekstraklasy? Keno
1%
Kto był najstarszym debiutantem w Ekstraklasie? Oswald Trybuś
0%
Nie znaleziono quizów pasujących do podanych kryteriów
Rozkład punktacji
Procent ludzi z każdym wynikiem
Percentyl według liczby udzielonych odpowiedzi
Twoja historia wyników
Nie rozwiązałeś tego quizu od ostatniego zresetowania